La ciudad en movimiento. Estudios históricos sobre transporte colectivo y movilidad en Santiago de Chile, siglos XIX y XX.
Guardado en:
| Otros Autores: | , |
|---|---|
| Formato: | Libro |
| Publicado: |
Santiago, Chile:
Ediciones Universidad Alberto Hurtado,
2021.
|
| Edición: | Primera edición. |
| Colección: | Colección Historia.
|
| Materias: | |
| Etiquetas: |
Agregar Etiqueta
Sin Etiquetas, Sea el primero en etiquetar este registro!
|
MARC
| LEADER | 00000nam a22000007a 4500 | ||
|---|---|---|---|
| 003 | CL-VaPUC | ||
| 005 | 20250408094025.0 | ||
| 008 | 250326t2021 ||||| |||| 00| 0 spa d | ||
| 999 | |c 447675 |d 447673 | ||
| 020 | |a 978-956-357-305-3 | ||
| 040 | |c Pontificia Universidad Católica de Valparaíso | ||
| 082 | |a 388.4098331 CAS 2021 |2 22 | ||
| 100 | 1 | |a Castillo, Simón |e editor |9 897599 | |
| 245 | 1 | 3 | |a La ciudad en movimiento. |b Estudios históricos sobre transporte colectivo y movilidad en Santiago de Chile, siglos XIX y XX. |
| 250 | |a Primera edición. | ||
| 260 | |a Santiago, Chile: |b Ediciones Universidad Alberto Hurtado, |c 2021. | ||
| 300 | |a 281 páginas: |b ilustraciones. | ||
| 490 | |a Colección Historia. | ||
| 500 | |a c.1. Compra Director Ricardo Iglesias S. MEMO HIS/001 3-3-2025 | ||
| 583 | |c 20250326 |k Yessy Díaz Vidal | ||
| 650 | 0 | |9 260307 |a Transporte urbano |y Siglos 19-20 |z Santiago, Chile | |
| 650 | 0 | |9 348060 |a Transporte público |v Historia |x Ferrocarriles, tranvía eléctrico, etc. |z Santiago, Chile | |
| 700 | |a Mardones, Marcelo |e editor |9 897600 | ||
| 942 | |2 ddc |c BK | ||
| 952 | |0 0 |1 0 |2 ddc |4 0 |6 388_409833100000000_CAS_2021 |7 0 |8 A |9 601921 |a BIBHIS |b BIBHIS |d 2025-03-26 |i 5666826 |o 388.4098331 CAS 2021 |p 5666826 |r 2025-03-26 |t 1 |w 2025-03-26 |y BK |k HIS | ||